[Event "World Chess Olympiad 2018"]
[Site "Batumi"]
[Date "2018.10.04"]
[Round "10"]
[Board "3"]
[WhiteFideId "5600359"]
[White "Psaila Clarence"]
[BlackFideId "3105873"]
[Black "Mejias Nunez Rafael E."]
[Result "1/2-1/2"]
[LiveChessVersion "1.4.8"]
[BlackElo "1943"]
[WhiteElo "2002"]

1. Nf3 {[%clk 1:30:57]} Nf6 {[%clk 1:29:16]} 2. c4 {[%clk 1:31:19]} e6
{[%clk 1:25:44]} 3. g3 {[%clk 1:31:29]} d5 {[%clk 1:26:04]} 4. Bg2
{[%clk 1:31:42]} Nc6 {[%clk 1:26:29]} 5. O-O {[%clk 1:25:51]} dxc4
{[%clk 1:25:21]} 6. Qc2 {[%clk 1:21:31]} Be7 {[%clk 1:23:15]} 7. Qxc4
{[%clk 1:21:30]} O-O {[%clk 1:22:17]} 8. d4 {[%clk 1:20:05]} Bd7 {[%clk 1:21:30]}
9. e3 {[%clk 1:12:13]} Na5 {[%clk 1:21:03]} 10. Qc2 {[%clk 1:08:28]} Rc8
{[%clk 1:21:25]} 11. Nc3 {[%clk 1:07:26]} c5 {[%clk 1:21:52]} 12. dxc5
{[%clk 1:06:58]} Bxc5 {[%clk 1:21:06]} 13. Rd1 {[%clk 1:06:28]} Nc6
{[%clk 1:05:33]} 14. Ne4 {[%clk 1:00:09]} Nb4 {[%clk 1:01:28]} 15. Nxf6+
{[%clk 0:59:02]} Qxf6 {[%clk 1:01:55]} 16. Qb3 {[%clk 0:53:25]} Bc6
{[%clk 0:56:41]} 17. Ne1 {[%clk 0:48:11]} Bxg2 {[%clk 0:52:46]} 18. Kxg2
{[%clk 0:47:34]} Rc7 {[%clk 0:50:26]} 19. Nd3 {[%clk 0:36:36]} Nxd3
{[%clk 0:50:00]} 20. Qxd3 {[%clk 0:32:30]} Be7 {[%clk 0:41:30]} 21. Qb3
{[%clk 0:27:28]} Qf5 {[%clk 0:39:48]} 22. Bd2 {[%clk 0:22:05]} Bf6
{[%clk 0:38:02]} 23. Rac1 {[%clk 0:21:26]} Rxc1 {[%clk 0:36:55]} 24. Rxc1
{[%clk 0:20:19]} Rd8 {[%clk 0:34:32]} 25. Bc3 {[%clk 0:19:39]} Qe4+
{[%clk 0:33:18]} 26. Kg1 {[%clk 0:19:14]} Bxc3 {[%clk 0:32:58]} 27. Qxc3
{[%clk 0:18:57]} h6 {[%clk 0:32:38]} 28. h4 {[%clk 0:17:29]} Qf3 {[%clk 0:32:21]}
29. a3 {[%clk 0:15:38]} a6 {[%clk 0:31:52]} 30. b4 {[%clk 0:14:38]} b5
{[%clk 0:30:27]} 31. Qc2 {[%clk 0:13:44]} Qd5 {[%clk 0:23:29]} 32. Qc6
{[%clk 0:12:19]} Qd2 {[%clk 0:23:40]} 33. Qc3 {[%clk 0:11:38]} 1/2-1/2

[Event "World Chess Olympiad 2018"]
[Site "Batumi"]
[Date "2018.10.04"]
[Round "10"]
[Board "4"]
[WhiteFideId "3100715"]
[White "Diaz Montes Edwin"]
[BlackFideId "5600405"]
[Black "Said Oliver"]
[Result "1-0"]
[LiveChessVersion "1.4.8"]
[BlackElo "1924"]
[WhiteElo "2034"]

1. Nf3 {[%clk 1:30:49]} Nf6 {[%clk 1:30:42]} 2. c4 {[%clk 1:31:04]} c5
{[%clk 1:31:06]} 3. g3 {[%clk 1:31:27]} b6 {[%clk 1:31:04]} 4. Bg2
{[%clk 1:31:50]} Bb7 {[%clk 1:31:30]} 5. O-O {[%clk 1:32:10]} g6 {[%clk 1:31:43]}
6. b3 {[%clk 1:32:35]} Bg7 {[%clk 1:32:01]} 7. Bb2 {[%clk 1:33:02]} O-O
{[%clk 1:32:16]} 8. d3 {[%clk 1:33:09]} Na6 {[%clk 1:30:40]} 9. Nbd2
{[%clk 1:30:24]} d6 {[%clk 1:26:46]} 10. a3 {[%clk 1:30:11]} Rb8 {[%clk 1:24:02]}
11. b4 {[%clk 1:26:19]} e5 {[%clk 1:23:04]} 12. Qa4 {[%clk 1:24:50]} Nd7
{[%clk 1:16:11]} 13. Nh4 {[%clk 1:14:58]} Bxg2 {[%clk 1:15:21]} 14. Nxg2
{[%clk 1:15:18]} Qc8 {[%clk 1:13:48]} 15. Ne4 {[%clk 1:15:27]} b5
{[%clk 0:57:01]} 16. cxb5 {[%clk 1:14:40]} d5 {[%clk 0:57:09]} 17. bxa6
{[%clk 1:11:39]} dxe4 {[%clk 0:57:28]} 18. dxe4 {[%clk 1:10:57]} Nb6
{[%clk 0:55:50]} 19. Qb5 {[%clk 1:03:45]} cxb4 {[%clk 0:43:23]} 20. Rac1
{[%clk 1:01:29]} Qe8 {[%clk 0:37:22]} 21. Qxe8 {[%clk 1:01:22]} Rfxe8
{[%clk 0:37:47]} 22. axb4 {[%clk 1:01:27]} Na4 {[%clk 0:37:28]} 23. Ba3
{[%clk 1:01:16]} Rb6 {[%clk 0:35:30]} 24. Ne3 {[%clk 0:36:54]} Rxa6
{[%clk 0:34:38]} 25. Nd5 {[%clk 0:36:49]} Rd8 {[%clk 0:23:15]} 26. b5
{[%clk 0:36:15]} Re6 {[%clk 0:20:29]} 27. Rc7 {[%clk 0:35:24]} a6
{[%clk 0:16:07]} 28. Ne7+ {[%clk 0:34:27]} Kh8 {[%clk 0:16:17]} 29. Nc6
{[%clk 0:34:49]} Ra8 {[%clk 0:14:40]} 30. bxa6 {[%clk 0:35:06]} Ree8
{[%clk 0:13:15]} 31. a7 {[%clk 0:34:28]} Nc3 {[%clk 0:11:35]} 32. Rxf7
{[%clk 0:32:36]} Rec8 {[%clk 0:10:27]} 33. Ne7 {[%clk 0:31:12]} Rc4
{[%clk 0:06:14]} 34. Kg2 {[%clk 0:29:00]} Ra4 {[%clk 0:04:45]} 35. Bb2
{[%clk 0:25:14]} Nb5 {[%clk 0:02:31]} 36. Nc6 {[%clk 0:20:12]} Rxe4
{[%clk 0:01:26]} 37. Rd1 {[%clk 0:20:11]} Ra4 {[%clk 0:01:05]} 38. Rdd7
{[%clk 0:20:06]} 1-0

[Event "World Chess Olympiad 2018"]
[Site "Batumi"]
[Date "2018.10.04"]
[Round "10"]
[Board "1"]
[WhiteFideId "10800166"]
[White "Magana Ben"]
[BlackFideId "16700066"]
[Black "Abdul Rahman Ali"]
[Result "0-1"]
[LiveChessVersion "1.4.8"]
[BlackElo "1850"]
[WhiteElo "2074"]

1. d4 {[%clk 1:30:08]} Nf6 {[%clk 1:30:25]} 2. Nf3 {[%clk 1:30:16]} d5
{[%clk 1:30:29]} 3. Bf4 {[%clk 1:30:28]} e6 {[%clk 1:30:10]} 4. e3
{[%clk 1:30:49]} Bd6 {[%clk 1:30:04]} 5. Bg3 {[%clk 1:31:04]} c5 {[%clk 1:29:12]}
6. c3 {[%clk 1:31:23]} Nc6 {[%clk 1:28:57]} 7. Nbd2 {[%clk 1:31:36]} O-O
{[%clk 1:28:45]} 8. Bd3 {[%clk 1:31:28]} Re8 {[%clk 1:24:53]} 9. Ne5
{[%clk 1:31:26]} Qc7 {[%clk 1:24:14]} 10. f4 {[%clk 1:27:06]} a6 {[%clk 1:22:56]}
11. O-O {[%clk 1:27:10]} c4 {[%clk 1:22:46]} 12. Bc2 {[%clk 1:26:07]} b5
{[%clk 1:22:39]} 13. Bh4 {[%clk 1:26:05]} Be7 {[%clk 1:22:34]} 14. a3
{[%clk 1:25:00]} Nb8 {[%clk 1:22:44]} 15. Qf3 {[%clk 1:22:50]} Nbd7
{[%clk 1:22:43]} 16. Qh3 {[%clk 1:17:38]} Nf8 {[%clk 1:22:48]} 17. Ndf3
{[%clk 1:16:56]} Ne4 {[%clk 1:22:20]} 18. Ng5 {[%clk 1:14:38]} f5
{[%clk 1:19:55]} 19. g4 {[%clk 1:09:25]} g6 {[%clk 1:15:42]} 20. Rae1
{[%clk 1:06:23]} Rb8 {[%clk 1:14:11]} 21. Re2 {[%clk 1:05:39]} Rb6
{[%clk 1:13:16]} 22. Bxe4 {[%clk 1:02:33]} dxe4 {[%clk 1:04:50]} 23. Rg2
{[%clk 1:00:05]} Qb7 {[%clk 1:03:25]} 24. Nxh7 {[%clk 0:56:37]} Bxh4
{[%clk 1:01:33]} 25. Nxf8 {[%clk 0:55:35]} Rxf8 {[%clk 0:59:13]} 26. Nxg6
{[%clk 0:54:05]} Bf6 {[%clk 0:57:13]} 27. Nxf8 {[%clk 0:51:10]} Kxf8
{[%clk 0:55:48]} 28. Rff2 {[%clk 0:51:40]} Bg7 {[%clk 0:55:37]} 29. Rg3
{[%clk 0:51:27]} Qf7 {[%clk 0:50:30]} 30. Rfg2 {[%clk 0:46:27]} e5
{[%clk 0:48:10]} 31. gxf5 {[%clk 0:46:47]} Rh6 {[%clk 0:48:27]} 32. Qg4
{[%clk 0:47:15]} Rh7 {[%clk 0:48:17]} 33. fxe5 {[%clk 0:47:14]} Qxf5
{[%clk 0:43:32]} 34. Rf2 {[%clk 0:46:39]} Qxf2+ {[%clk 0:43:01]} 35. Kxf2
{[%clk 0:47:08]} Bxg4 {[%clk 0:43:18]} 36. Rxg4 {[%clk 0:47:37]} Rxh2+
{[%clk 0:43:21]} 37. Kg3 {[%clk 0:47:16]} Rxb2 {[%clk 0:43:23]} 38. Rxe4
{[%clk 0:47:39]} Rd2 {[%clk 0:43:31]} 39. Kf3 {[%clk 0:47:11]} Ke7
{[%clk 0:43:48]} 40. Rg4 {[%clk 1:17:25]} Kf7 {[%clk 1:13:25]} 41. e6+
{[%clk 1:17:19]} Kxe6 {[%clk 1:12:41]} 42. Rxg7 {[%clk 1:17:48]} Rd3
{[%clk 1:13:05]} 43. Ke4 {[%clk 1:17:14]} Rxc3 {[%clk 1:11:51]} 44. Rg6+
{[%clk 1:17:00]} Kd7 {[%clk 1:11:20]} 45. Rxa6 {[%clk 1:17:28]} Kc7
{[%clk 1:11:33]} 46. Kd5 {[%clk 0:32:20]} Kb7 {[%clk 1:11:37]} 47. Rh6
{[%clk 0:28:28]} Rxa3 {[%clk 1:10:47]} 48. Kc5 {[%clk 0:15:57]} Rb3
{[%clk 1:10:44]} 49. e4 {[%clk 0:14:12]} c3 {[%clk 1:07:00]} 50. Rh1
{[%clk 0:14:41]} c2 {[%clk 1:06:47]} 51. Rc1 {[%clk 0:14:50]} Rb2
{[%clk 1:06:53]} 52. Kd6 {[%clk 0:06:00]} b4 {[%clk 1:06:48]} 53. e5
{[%clk 0:06:15]} b3 {[%clk 1:07:16]} 54. e6 {[%clk 0:06:13]} Ra2 {[%clk 1:06:52]}
55. e7 {[%clk 0:05:26]} Ra8 {[%clk 1:07:02]} 56. Kd7 {[%clk 0:05:11]} b2
{[%clk 1:07:14]} 57. Rxc2 {[%clk 0:05:03]} b1=Q 58. Rc7+ Kb6 {[%clk 1:06:10]} 59.
Rc6+ {[%clk 0:05:26]} Kb5 {[%clk 1:06:33]} 60. Rc5+ {[%clk 0:05:52]} Kb4
{[%clk 1:06:56]} 61. Re5 {[%clk 0:02:39]} Qh7 {[%clk 1:06:36]} 62. d5
{[%clk 0:02:24]} Qg7 {[%clk 1:05:41]} 63. Re6 {[%clk 0:00:33]} 0-1

[Event "World Chess Olympiad 2018"]
[Site "Batumi"]
[Date "2018.10.04"]
[Round "10"]
[Board "2"]
[WhiteFideId "16700058"]
[White "Mohamed Hassan"]
[BlackFideId "10800360"]
[Black "Singe Philip Mbawala"]
[Result "1/2-1/2"]
[LiveChessVersion "1.4.8"]
[BlackElo "1845"]
[WhiteElo "1846"]

1. d4 {[%clk 1:30:50]} Nf6 {[%clk 1:30:26]} 2. Nf3 {[%clk 1:31:10]} e6
{[%clk 1:30:34]} 3. g3 {[%clk 1:31:20]} b6 {[%clk 1:30:43]} 4. Bg2
{[%clk 1:31:33]} Bb7 {[%clk 1:31:11]} 5. c4 {[%clk 1:31:18]} c5 {[%clk 1:31:25]}
6. O-O {[%clk 1:24:17]} cxd4 {[%clk 1:30:16]} 7. Qxd4 {[%clk 1:24:36]} Bc5
{[%clk 1:29:18]} 8. Qh4 {[%clk 1:17:32]} Be7 {[%clk 1:29:40]} 9. Bg5
{[%clk 1:17:59]} h6 {[%clk 1:30:00]} 10. Nc3 {[%clk 1:17:45]} Nh7
{[%clk 1:22:03]} 11. Bxe7 {[%clk 1:17:02]} Qxe7 {[%clk 1:22:25]} 12. Qxe7+
{[%clk 1:16:29]} Kxe7 {[%clk 1:22:52]} 13. Rad1 {[%clk 1:14:13]} a6
{[%clk 1:19:17]} 14. Rd2 {[%clk 1:06:58]} Nf6 {[%clk 1:16:43]} 15. Rfd1
{[%clk 1:02:52]} Ra7 {[%clk 1:16:49]} 16. a3 {[%clk 0:59:11]} Rc8
{[%clk 1:00:04]} 17. Rd6 {[%clk 0:50:22]} Rc6 {[%clk 0:57:58]} 18. Rxc6
{[%clk 0:48:09]} Nxc6 {[%clk 0:58:05]} 19. Na4 {[%clk 0:47:37]} b5
{[%clk 0:56:28]} 20. Nb6 {[%clk 0:47:17]} bxc4 {[%clk 0:51:17]} 21. Nxc4
{[%clk 0:46:31]} d5 {[%clk 0:49:40]} 22. Nb6 {[%clk 0:46:25]} a5 {[%clk 0:46:28]}
23. Rc1 {[%clk 0:43:08]} Kd6 {[%clk 0:41:09]} 24. Na4 {[%clk 0:42:59]} Ba6
{[%clk 0:40:45]} 25. Rc2 {[%clk 0:40:49]} Ne4 {[%clk 0:37:17]} 26. Nd2
{[%clk 0:39:37]} Nxd2 {[%clk 0:31:19]} 27. Rxd2 {[%clk 0:39:50]} Bc4
{[%clk 0:28:25]} 28. e4 {[%clk 0:38:14]} Rb7 {[%clk 0:25:09]} 29. exd5
{[%clk 0:34:25]} Bxd5 {[%clk 0:25:08]} 30. Nc3 {[%clk 0:34:13]} Ne7
{[%clk 0:23:10]} 31. Ne4+ {[%clk 0:30:25]} Kc7 {[%clk 0:17:52]} 32. Rc2+
{[%clk 0:30:24]} Bc6 {[%clk 0:17:23]} 33. Nc5 {[%clk 0:26:28]} Rb6
{[%clk 0:17:49]} 34. Nd3 {[%clk 0:26:01]} Kd6 {[%clk 0:16:43]} 35. Bf1
{[%clk 0:23:10]} Be4 {[%clk 0:16:34]} 36. Rd2 {[%clk 0:23:31]} Bxd3
{[%clk 0:16:41]} 37. Rxd3+ {[%clk 0:22:37]} Nd5 {[%clk 0:17:00]} 38. b3
{[%clk 0:22:34]} Rc6 {[%clk 0:15:01]} 39. Rd4 {[%clk 0:19:19]} Kc5
{[%clk 0:12:09]} 40. Ra4 {[%clk 0:48:47]} Kb6 {[%clk 0:42:07]} 41. b4
{[%clk 0:48:46]} axb4 {[%clk 0:42:26]} 42. axb4 {[%clk 0:49:05]} Nc7
{[%clk 0:41:43]} 43. Ra3 {[%clk 0:48:23]} Rd6 {[%clk 0:41:40]} 44. Kg2
{[%clk 0:47:51]} Rd4 {[%clk 0:40:53]} 45. Rb3 {[%clk 0:47:50]} Nb5
{[%clk 0:37:24]} 46. Rd3 {[%clk 0:44:50]} Rxd3 {[%clk 0:36:56]} 47. Bxd3
{[%clk 0:45:11]} Na7 {[%clk 0:37:25]} 48. Kf3 {[%clk 0:43:56]} Nc6
{[%clk 0:36:22]} 49. Bh7 {[%clk 0:39:25]} f6 {[%clk 0:33:28]} 50. Bb1
{[%clk 0:37:40]} Kb5 {[%clk 0:33:39]} 51. Ba2 {[%clk 0:34:59]} Kxb4
{[%clk 0:34:08]} 52. Kf4 {[%clk 0:34:50]} Nd8 {[%clk 0:29:34]} 53. Ke3
{[%clk 0:33:26]} Kc5 {[%clk 0:29:42]} 54. f4 {[%clk 0:33:06]} Kd6
{[%clk 0:29:23]} 55. Bb1 {[%clk 0:31:58]} Nc6 {[%clk 0:28:39]} 56. Be4
{[%clk 0:31:34]} Ne7 {[%clk 0:28:59]} 57. Bc2 Nd5+ 58. Kd4 {[%clk 0:29:10]} e5+
{[%clk 0:29:26]} 59. fxe5+ {[%clk 0:28:50]} fxe5+ {[%clk 0:29:54]} 60. Ke4
{[%clk 0:28:38]} g6 {[%clk 0:28:31]} 61. h3 {[%clk 0:26:57]} Nf6+
{[%clk 0:28:17]} 62. Ke3 {[%clk 0:26:55]} g5 {[%clk 0:28:09]} 63. Bb1
{[%clk 0:25:37]} Kc5 {[%clk 0:27:22]} 64. Bg6 {[%clk 0:25:23]} Kd5
{[%clk 0:26:24]} 65. Bf7+ {[%clk 0:25:44]} Kd6 {[%clk 0:26:25]} 66. Bg6
{[%clk 0:25:24]} Ke6 {[%clk 0:26:45]} 67. Bc2 {[%clk 0:25:03]} Nh5
{[%clk 0:27:03]} 68. Bb3+ {[%clk 0:24:05]} Kd6 {[%clk 0:26:25]} 69. Kf3
{[%clk 0:23:57]} e4+ {[%clk 0:22:18]} 70. Kxe4 {[%clk 0:24:07]} Nxg3+
{[%clk 0:22:13]} 71. Kf3 {[%clk 0:24:17]} Nf5 {[%clk 0:20:54]} 72. Kg4
{[%clk 0:24:21]} Ke5 {[%clk 0:18:53]} 73. Ba4 {[%clk 0:24:05]} Kf6
{[%clk 0:18:40]} 74. Bb5 {[%clk 0:23:51]} Ng7 {[%clk 0:18:54]} 75. Bd3
{[%clk 0:22:58]} h5+ {[%clk 0:19:11]} 76. Kg3 {[%clk 0:23:07]} Nf5+
{[%clk 0:18:59]} 77. Kf3 {[%clk 0:23:14]} Ke5 {[%clk 0:18:31]} 78. Ba6
{[%clk 0:23:23]} Nh6 {[%clk 0:16:54]} 79. Bb7 {[%clk 0:23:22]} Ng8
{[%clk 0:17:17]} 80. Kg3 {[%clk 0:23:12]} Nf6 {[%clk 0:17:37]} 81. Kf3
{[%clk 0:23:24]} Nd5 {[%clk 0:16:33]} 82. Bc6 {[%clk 0:22:53]} Nf4
{[%clk 0:16:50]} 83. Kg3 {[%clk 0:22:42]} Ne2+ {[%clk 0:15:25]} 84. Kf2
{[%clk 0:21:10]} Nd4 {[%clk 0:15:38]} 85. Be8 {[%clk 0:21:19]} h4
{[%clk 0:16:04]} 86. Ke3 {[%clk 0:21:05]} Nf5+ {[%clk 0:11:04]} 87. Kf3
{[%clk 0:21:22]} Nh6 {[%clk 0:10:39]} 88. Bd7 {[%clk 0:21:30]} Kf6
{[%clk 0:10:39]} 89. Bc8 {[%clk 0:21:34]} Nf7 {[%clk 0:11:06]} 90. Bb7
{[%clk 0:21:31]} Ne5+ {[%clk 0:11:01]} 91. Ke3 {[%clk 0:21:31]} g4
{[%clk 0:09:13]} 92. hxg4 {[%clk 0:21:39]} Kg5 {[%clk 0:09:31]} 1/2-1/2

[Event "World Chess Olympiad 2018"]
[Site "Batumi"]
[Date "2018.10.04"]
[Round "10"]
[Board "3"]
[WhiteFideId "10802088"]
[White "Ngani Victor"]
[BlackFideId "16700406"]
[Black "Muhammed Shuaau"]
[Result "0-1"]
[LiveChessVersion "1.4.8"]
[BlackElo "1775"]
[WhiteElo "2022"]

1. e4 {[%clk 1:30:59]} c5 {[%clk 1:30:53]} 2. Nf3 {[%clk 1:31:27]} d6
{[%clk 1:31:19]} 3. d4 {[%clk 1:31:53]} cxd4 {[%clk 1:31:45]} 4. Nxd4
{[%clk 1:32:21]} Nf6 {[%clk 1:32:13]} 5. Nc3 {[%clk 1:32:42]} g6 {[%clk 1:32:31]}
6. Be3 {[%clk 1:33:00]} Bg7 {[%clk 1:32:55]} 7. f3 {[%clk 1:33:24]} O-O
{[%clk 1:33:15]} 8. Bc4 {[%clk 1:33:20]} Nc6 {[%clk 1:33:26]} 9. Qd2
{[%clk 1:33:46]} a6 {[%clk 1:31:55]} 10. O-O-O {[%clk 1:32:33]} Bd7
{[%clk 1:32:06]} 11. h4 {[%clk 1:27:26]} Rc8 {[%clk 1:28:54]} 12. Bb3
{[%clk 1:27:50]} h5 {[%clk 1:28:58]} 13. Kb1 {[%clk 1:24:25]} Na5
{[%clk 1:28:37]} 14. g4 {[%clk 1:23:37]} Nxb3 {[%clk 1:27:08]} 15. axb3
{[%clk 1:23:59]} hxg4 {[%clk 1:22:52]} 16. h5 {[%clk 1:22:53]} Nxh5
{[%clk 1:12:13]} 17. Bh6 {[%clk 1:21:41]} e5 {[%clk 1:01:22]} 18. Nf5
{[%clk 1:06:28]} Bxf5 {[%clk 1:00:36]} 19. exf5 {[%clk 1:06:16]} Rxc3
{[%clk 0:47:52]} 20. bxc3 {[%clk 1:06:05]} g3 {[%clk 0:46:49]} 21. Bxg7
{[%clk 0:44:35]} Kxg7 {[%clk 0:47:02]} 22. Qxd6 {[%clk 0:44:59]} Qxd6
{[%clk 0:46:38]} 23. Rxd6 {[%clk 0:45:28]} g2 {[%clk 0:45:32]} 24. Rg1
{[%clk 0:45:56]} Nf4 {[%clk 0:45:50]} 25. f6+ {[%clk 0:45:00]} Kh6
{[%clk 0:45:57]} 26. b4 {[%clk 0:37:33]} Kg5 {[%clk 0:46:01]} 27. c4
{[%clk 0:35:02]} Kh4 {[%clk 0:45:54]} 28. Rd7 {[%clk 0:32:49]} Kg3
{[%clk 0:44:34]} 29. Rxb7 {[%clk 0:31:37]} Kf2 {[%clk 0:44:55]} 30. Rxg2+
{[%clk 0:30:27]} Kxg2 {[%clk 0:45:11]} 31. c5 {[%clk 0:30:02]} Kxf3
{[%clk 0:45:31]} 32. c6 {[%clk 0:29:58]} e4 {[%clk 0:44:31]} 33. Re7
{[%clk 0:29:55]} Ne6 {[%clk 0:43:59]} 34. c7 {[%clk 0:29:12]} Nxc7
{[%clk 0:44:12]} 35. Rxc7 {[%clk 0:28:42]} e3 {[%clk 0:44:36]} 36. Re7
{[%clk 0:29:06]} e2 {[%clk 0:45:01]} 37. c4 {[%clk 0:28:26]} Kf2 {[%clk 0:45:25]}
38. Kc2 {[%clk 0:28:47]} e1=Q {[%clk 0:45:49]} 39. Rxe1 {[%clk 0:29:14]} Kxe1
{[%clk 0:46:03]} 40. c5 {[%clk 0:59:36]} Ke2 {[%clk 1:16:07]} 41. Kc3
{[%clk 0:59:56]} g5 {[%clk 1:16:27]} 42. Kd4 {[%clk 1:00:12]} g4 {[%clk 1:16:32]}
0-1

[Event "World Chess Olympiad 2018"]
[Site "Batumi"]
[Date "2018.10.04"]
[Round "10"]
[Board "4"]
[WhiteFideId "16700031"]
[White "Ahmed Ashraf"]
[BlackFideId "10804714"]
[Black "Methu Joseph Muragu"]
[Result "0-1"]
[LiveChessVersion "1.4.8"]
[BlackElo "2041"]
[WhiteElo "1863"]

1. e4 {[%clk 1:30:55]} Nf6 {[%clk 1:30:56]} 2. e5 {[%clk 1:31:00]} Nd5
{[%clk 1:30:50]} 3. c4 {[%clk 1:31:22]} Nb6 {[%clk 1:31:17]} 4. d4
{[%clk 1:31:43]} d6 {[%clk 1:31:42]} 5. Nf3 {[%clk 1:31:44]} g6 {[%clk 1:28:19]}
6. exd6 {[%clk 1:31:52]} cxd6 {[%clk 1:28:09]} 7. Be2 {[%clk 1:32:14]} Bg7
{[%clk 1:28:27]} 8. O-O {[%clk 1:32:30]} O-O {[%clk 1:28:32]} 9. h3
{[%clk 1:32:24]} Nc6 {[%clk 1:28:31]} 10. Nc3 {[%clk 1:31:42]} e5
{[%clk 1:28:26]} 11. Be3 {[%clk 1:30:41]} f5 {[%clk 1:25:27]} 12. dxe5
{[%clk 1:23:36]} dxe5 {[%clk 1:25:30]} 13. Qb3 {[%clk 1:23:15]} Qf6
{[%clk 1:10:38]} 14. Bxb6 {[%clk 1:17:12]} axb6 {[%clk 1:09:13]} 15. Nd5
{[%clk 1:17:32]} Qd8 {[%clk 1:05:26]} 16. Nxb6 {[%clk 1:15:04]} Rb8
{[%clk 1:03:36]} 17. Rfd1 {[%clk 1:14:27]} Qe7 {[%clk 1:00:18]} 18. Nd5
{[%clk 1:13:50]} Qd8 {[%clk 1:00:30]} 19. Nb4 {[%clk 1:04:35]} Qc7
{[%clk 0:57:35]} 20. c5+ {[%clk 0:54:18]} Kh8 {[%clk 0:57:36]} 21. Nd5
{[%clk 0:50:00]} Qd8 {[%clk 0:52:31]} 22. Nb6 {[%clk 0:49:29]} Qe7
{[%clk 0:48:35]} 23. Rd6 {[%clk 0:48:40]} e4 {[%clk 0:48:42]} 24. Nd5
{[%clk 0:38:26]} Qf7 {[%clk 0:39:53]} 25. Ng5 {[%clk 0:32:24]} Qg8
{[%clk 0:39:48]} 26. Nc7 {[%clk 0:26:02]} Qxb3 {[%clk 0:40:08]} 27. axb3
{[%clk 0:26:23]} Be5 {[%clk 0:38:20]} 28. Nge6 {[%clk 0:12:10]} Bxd6
{[%clk 0:37:17]} 29. cxd6 {[%clk 0:10:38]} Bxe6 {[%clk 0:37:00]} 30. Nxe6
{[%clk 0:10:51]} Rf6 {[%clk 0:37:21]} 31. Bc4 {[%clk 0:10:43]} Nd8
{[%clk 0:37:35]} 32. Nxd8 {[%clk 0:08:32]} Rxd8 {[%clk 0:38:04]} 33. d7
{[%clk 0:08:23]} Rxd7 {[%clk 0:37:50]} 34. Ra8+ Kg7 35. Ra7 {[%clk 0:06:22]} Rfd6
{[%clk 0:37:17]} 36. Ra8 {[%clk 0:02:19]} Rd1+ {[%clk 0:37:31]} 37. Kh2
{[%clk 0:02:47]} R1d2 {[%clk 0:37:55]} 38. Kg3 {[%clk 0:02:34]} Rxb2
{[%clk 0:37:56]} 39. Rb8 {[%clk 0:02:22]} g5 {[%clk 0:35:03]} 40. Be6
{[%clk 0:31:03]} Rd3+ {[%clk 1:05:07]} 41. f3 {[%clk 0:24:24]} Kf6
{[%clk 1:04:24]} 42. Bc4 {[%clk 0:23:37]} f4+ {[%clk 1:04:32]} 0-1

[Event "World Chess Olympiad 2018"]
[Site "Batumi"]
[Date "2018.10.04"]
[Round "10"]
[Board "1"]
[WhiteFideId "15400263"]
[White "Wong Kai Meng"]
[BlackFideId "15900711"]
[Black "Tromp Hubert Randolf"]
[Result "1/2-1/2"]
[LiveChessVersion "1.4.8"]
[BlackElo "1674"]
[WhiteElo "1661"]

1. Nf3 {[%clk 1:30:54]} g6 {[%clk 1:30:50]} 2. d4 {[%clk 1:30:51]} Bg7
{[%clk 1:31:01]} 3. e4 {[%clk 1:30:48]} d6 {[%clk 1:31:23]} 4. c4
{[%clk 1:30:42]} Nf6 {[%clk 1:31:35]} 5. Nc3 {[%clk 1:31:05]} O-O
{[%clk 1:31:55]} 6. Be2 {[%clk 1:31:14]} e5 {[%clk 1:32:10]} 7. d5
{[%clk 1:30:51]} Nbd7 {[%clk 1:26:24]} 8. O-O {[%clk 1:29:13]} Nc5
{[%clk 1:21:12]} 9. Qc2 {[%clk 1:29:10]} Nh5 {[%clk 1:15:14]} 10. b4
{[%clk 1:28:18]} Nd7 {[%clk 1:13:13]} 11. Re1 {[%clk 1:22:01]} b6
{[%clk 1:04:13]} 12. Bg5 {[%clk 1:14:56]} f6 {[%clk 1:03:24]} 13. Bd2
{[%clk 1:15:06]} Kh8 {[%clk 1:02:02]} 14. Qc1 {[%clk 1:11:10]} Nf4
{[%clk 0:55:49]} 15. Bxf4 {[%clk 1:09:12]} exf4 {[%clk 0:52:46]} 16. Qxf4
{[%clk 1:09:33]} f5 {[%clk 0:52:57]} 17. Rac1 {[%clk 1:09:25]} fxe4
{[%clk 0:49:52]} 18. Qxe4 {[%clk 1:09:24]} a6 {[%clk 0:49:02]} 19. Qc2
{[%clk 0:54:39]} Ne5 {[%clk 0:47:15]} 20. Nxe5 {[%clk 0:53:39]} Bxe5
{[%clk 0:47:25]} 21. Ne4 {[%clk 0:41:04]} Bf5 {[%clk 0:40:48]} 22. Bf3
{[%clk 0:36:40]} Bxe4 {[%clk 0:30:34]} 23. Rxe4 {[%clk 0:34:11]} Qf6
{[%clk 0:30:20]} 24. Qd3 {[%clk 0:30:50]} a5 {[%clk 0:26:14]} 25. b5
{[%clk 0:30:00]} Rae8 {[%clk 0:26:25]} 26. Rce1 {[%clk 0:26:38]} Re7
{[%clk 0:25:32]} 27. R1e2 {[%clk 0:25:53]} Qg5 {[%clk 0:23:41]} 28. g3
{[%clk 0:20:16]} Ref7 {[%clk 0:16:09]} 29. Bg2 {[%clk 0:20:26]} Qc1+
{[%clk 0:15:49]} 30. Re1 {[%clk 0:20:18]} Qc3 {[%clk 0:14:00]} 31. Qxc3
{[%clk 0:18:54]} Bxc3 {[%clk 0:14:27]} 32. R1e2 {[%clk 0:18:57]} Bb4
{[%clk 0:14:51]} 33. f4 {[%clk 0:18:40]} Bc5+ {[%clk 0:14:47]} 1/2-1/2